Statistics for Spanish Soccer Club

Click here to take the quiz!

General Stats

  • This quiz has been taken 4,200 times
  • The average score is 11 of 20

Answer Stats

Teams/Clubs% Correct
Real Madrid
99%
Barcelona
98%
Athletic Bilbao
86%
Valencia
86%
Atletico Madrid
86%
Sevilla
76%
Real Betis
63%
Malaga
60%
Real Sociedad
59%
Espanyol
53%
Getafe
49%
Real Zaragoza
43%
Levante
41%
Mallorca
39%
Osasuna
37%
Rayo Vallecano
36%
Granada
35%
Villarreal
31%
Sporting de Gijon
30%
Racing Santander
24%

Score Distribution

Percentile by Number Answered

Percent of People with Each Score

Your Score History

You have not taken this quiz